Normal view
MARC view
- المحاسبة -- معجم مصطلحات
Entry Topical Term
001 - CONTROL NUMBER
- control field: 27540
003 - CONTROL NUMBER IDENTIFIER
- control field: JO-AjAnu
005 - DATE AND TIME OF LATEST TRANSACTION
- control field: 20230606074658.0
008 - FIXED-LENGTH DATA ELEMENTS
- fixed length control field: 230606|| aca||aabn | a|a d
040 ## - CATALOGING SOURCE
- Original cataloging agency: JO-AjAnu
- Transcribing agency: JO-AjAnu
150 ## - HEADING--TOPICAL TERM
- Topical term or geographic name entry element: المحاسبة -- معجم مصطلحات
670 ## - SOURCE DATA FOUND
- Source citation: Work cat.: (JO-AjAnu)14142: تأليف شكري، فهمي محمود, author 27539, معجم ادارة الحسابات: أول معجم شامل بكل المصطلحات المحاسبية المتداولة في العالم وتعريفاتها